00418nam a22001457a 450000500170000000800410001702200130005804100230007108200120009410000230010624500390012926000470016830000310021565000260024620240704082321.0240704b |||||||| |||| 00| 0 eng d a10163107 aEnglish/Afrikaans  a349 SOU lEnglish/Afrikaans  aSouth African Criminal Law Reports aCape Town: bJuta and Company Ltd, c2002  bliii, 723 pages; c26 cm.  aLegal practice bLaw